000 00354nam a2200133Ia 4500
005 20260328104259.0
008 260328s9999||||xx |||||||||||||| ||und||
100 _aAmaya Díaz, Manuel
245 0 _aExperiencias Docentes :
_b Taller Amaya /
_cManuel Amaya Díaz
260 _bUniversidad de Chile
300 _a389 p.
650 _aCHILE
942 _cBK
999 _c10566
_d10566